Statistiques concernant Trouve les paroles - S'il suffisait d'aimer - Celine Dion

Cliquez ici pour prendre le quiz!

Statistiques générales

  • Ce quiz a été pris 38 fois
  • Le résultat moyen est 161 sur 214

Statistiques - réponses

Réponse% Correct
Qu'on
97%
qu'on
97%
s'aime
97%
si
97%
Si
97%
s'il
97%
S'il
97%
su
97%
suffisait
97%
d'aimer
94%
de
94%
Et
94%
et
94%
un
94%
une
94%
ce
91%
Je
91%
je
91%
mon
91%
à
88%
le
88%
rêve
88%
des
85%
Les
85%
les
85%
l'on
85%
Ma
85%
me
85%
monde
85%
que
85%
son
85%
au
82%
éternité
82%
ferais
82%
La
82%
mes
82%
pas
82%
qui
82%
visage
82%
ces
79%
corps
79%
puis
79%
tout
79%
choses
76%
dans
76%
Dans
76%
dire
76%
du
76%
j'avais
76%
lui
76%
Mais
76%
n'est
76%
aussi
74%
autres
74%
chimères
74%
coeur
74%
Comment
74%
comment
74%
décor
74%
J'aurais
74%
parler
74%
pensées
74%
peu
74%
âme
71%
changeait
71%
dise
71%
fautes
71%
fond
71%
font
71%
j'ai
71%
J'ai
71%
l'imagine
71%
réussit
71%
rien
71%
suffisant
71%
tant
71%
vie
71%
donner
68%
est
68%
habitant
68%
sang
68%
beau
65%
faire
65%
Moi
65%
aimant
62%
décline
62%
lire
62%
Nous
62%
qu'en
62%
en
59%
j'offrirai
59%
ont
59%
pétale
59%
Quand
59%
sous
59%
sur
59%
temps
59%
d'autres
56%
jardin
56%
recommencer
56%
séché
56%
vent
56%
même
53%
songes
53%
tous
53%
changer
50%
50%
pouvait
50%
aux
47%
balcon
47%
ferions
47%
fermant
47%
fleurs
47%
larmes
47%
nuages
44%
île
41%
malheurs
41%
nos
41%
rongent
41%
versées
41%
cris
38%
entrer
38%
laissent
38%
portes
38%
étanche
35%
pays
35%
peurs
29%
présages
29%
battre
26%
paisible
26%
répondent
24%
j'entends
21%
Quelles
21%
armes
18%
l'enfant
18%
foncent
15%
cours
0%

Distribution des résultats

Percentile par nombre de réponses

% des personnes avec chaque résultat

Votre développement - résultats

Vous n’avez pas pris ce quiz